Africa Map Quiz #1 - Statistics

General Stats
  • This quiz has been taken 207 times
  • The average score is 8 of 10
Answers on the Map
Answers color-coded by a green-red scale on the quiz's map according to % correct below.
 
Answer Stats
Answer % Correct
Egypt
98%
Somalia
90%
South Sudan
90%
Sudan
90%
Djibouti
88%
Ethiopia
88%
Eritrea
85%
Kenya
78%
Tanzania
75%
Uganda
68%
No matching quizzes found
Score Distribution
Percent of People with Each Score
Percentile by Number Answered
Your Score History
You have not taken this quiz